000 nam a22 a 4500
999 _c390081
_d390081
003 BLK
005 20201015112402.0
008 201015b bul|||||r ||||||| ||bul||
040 _aBLK
041 _aBUL
_cBUL
080 _aФренска литература
_b821.133.1
_x-2
_z821.133.1-2
100 _aХюго, Виктор
_eпърви автор
_9323894
139 _aЮго, Виктор
245 1 0 _aРюи Блаз
_bДрама в 5 д.
_cВ. Хюго; Прев. от фр. Х. М. Басан; Прев. от фр. П. Хр. Генков; Петър Хр. Генков; Виктор Юго.
250 _a2. изд
257 _aBGR
260 _aВарна
_c1898
_fВарна : Н. Петров
300 _a106 с., 1 л.
_bпортр.
_c25 см
380 _aX
490 1 _aТеатрална библиотека
_vСер. I, N 1
490 _aКолекция Редки и ценни издания
_9435080
500 _a(Цена в кумул.) : 1 лв.
700 _aБасан, Х. М.
_eпрев. от фр.
_9317492
_gГенков, Петър Христов
700 _aГенков, Петър Христов
_eпрев. от фр.
_9377088
700 _aЮго, Виктор
_9258309
_eпърви автор
852 _aРб 898
_bРц
856 4 _qpdf
_u
856 4 _qpdf
_u
942 _cKNG
_n0
_s1
944 _c2020-10-15
_kВК